[Event "Madurai Athens of the East op-B U1600"]
[Site "Madurai"]
[Date "2023.12.29"]
[Round "9"]
[White "Arush, A."]
[Black "Aniket, Ranjan"]
[Result "1/2-1/2"]
[WhiteElo "1421"]
[BlackElo "1556"]
[PlyCount "69"]
[EventDate "2023.12.27"]
[EventType "swiss"]
[EventRounds "9"]
[EventCountry "IND"]
[SourceTitle "CB02_2024"]
[SourceDate "2024.01.10"]
[SourceVersion "1"]
[SourceVersionDate "2024.01.10"]
[SourceQuality "1"]

1. e4 c5 2. Nf3 d6 3. d4 cxd4 4. Nxd4 Nf6 5. Nc3 g6 6. Be2 Bg7 7. 0-0 0-0 8. Be3 Nc6 9. Kh1 Bd7 10. f4 Nxd4 11. Bxd4 Bc6 12. Bf3 Qa5 13. e5 dxe5 14. fxe5 Nd5 15. e6 Nxc3 16. exf7+ Rxf7 17. Bxc3 Bxc3 18. Bxc6 bxc6 19. Rxf7 Kxf7 20. bxc3 Qxc3 21. Rb1 Qe5 22. Qf1+ Kg7 23. Re1 Qf6 24. Qe2 Rf8 25. Qxe7+ Qxe7 26. Rxe7+ Rf7 27. Re1 Rf2 28. Kg1 Rxc2 29. Re7+ Kf6 30. Rxa7 h5 31. a4 c5 32. a5 Ra2 33. a6 c4 34. Rc7 Rxa6 35. Rxc4 1/2-1/2